000 00906nam a2200217 a 4500
001 BRCA_8825
005 20190320210427.0
008 050517s1716----sp-#######---#000-0#lat-#
041 _alat
084 _aBE206
_b.J47 1716
100 1 _aJerónimo, Santo
_d34? - 420
_921995
245 1 0 _aDivi hieronymi stridonensis epistolae aliqvot selectae, in usum, & utilitatem adolescentium, qui latinae linguae dant operam.
260 _aAntuerpiae
_bApud Hieronymum Verdussen
_c1716
300 _a[4], 334 p.
_c14.7 x 11.1 cm
500 _aEstado físico: presenta encuadernación en pergamino con cintas rotas, algunas hojas pegadas a la encuadernación, con anotaciones en su interior y portada incompleta
600 1 4 _aJeronimo
_cSanto
_d34? - 420
_921996
650 1 4 _aCorrespondencia
_yObras anteriores a 1800
_921997
650 1 4 _aTeología
_yObras anteriores a 1800
_921998
902 _aCFM
942 _2lcc
_cB
999 _c8476
_d8476